Cui bono?, or, An inquiry, what benefits can arise either to the English or the Americans, the French, Spaniards, or Dutch, from the greatest victories, or successes, in the present war? : being a series of letters addressed to Monsieur Necker, late controller general of the finances of France /

Bibliographic Details
Main Author: Tucker, Josiah, 1712-1799
Other Authors: Necker, Jacques, 1732-1804
Format: eBook
Language:English
Edition:2nd ed., corr.,
Series:Making of the modern world (Goldsmiths'-Kress Library of Economic Literature)
Subjects:
Online Access:Connect to the full text of this electronic book

MARC

Tag First Indicator Second Indicator Subfields
LEADER 00000cam a2200000Ia 4500
001 in00002314213
005 20190326201324.0
006 m | d |
007 cr |n||||||||n
008 900710s1782 xx s 000 0 eng d
010 |a nuc87753508  
040 |a ResP  |c GKS  |d RQM  |d OCL  |d Thomson Gale  |d UtOrBLW 
043 |a n-us---  |a e-uk--- 
050 1 4 |a E211  |b .T842 
082 0 4 |a 330  |b G62 
100 1 |a Tucker, Josiah,  |d 1712-1799. 
245 1 0 |a Cui bono?, or, An inquiry, what benefits can arise either to the English or the Americans, the French, Spaniards, or Dutch, from the greatest victories, or successes, in the present war? :  |b being a series of letters addressed to Monsieur Necker, late controller general of the finances of France /  |c by Josiah Tucker, D.D., dean of Glocester. 
250 |a 2nd ed., corr.,  |b with a plan for a general pacification. 
264 3 |a Glocester :  |b Printed by R. Raikes, for T. Cadell,  |c 1782. 
300 |a 141 pages ;  |c 21 cm. 
336 |a text  |b txt  |2 rdacontent 
337 |a computer  |b c  |2 rdamedia 
338 |a online resource  |b cr  |2 rdacarrier 
500 |a Reproduction of original from Kress Library of Business and Economics, Harvard University. 
500 |a Goldsmiths'-Kress number 12305.7. 
510 4 |a OCLC,  |c 21984896 
533 |a Electronic reproduction.  |b Farmington Hills, Mich. :  |c Thomson Gale,  |d 2005.  |f (The making of the modern world).  |n Available via the World Wide Web.  |n Access limited to licensing agreements.  |7 s2005 miunns 
500 |a Electronic resource. 
651 0 |a Great Britain  |x Commerce. 
651 0 |a Great Britain  |x Foreign relations. 
651 0 |a United States  |x Politics and government  |y 1775-1783. 
655 0 |a Electronic books. 
700 1 |a Necker, Jacques,  |d 1732-1804. 
740 0 |a Cui bono? 
740 0 |a Inquiry, what benefits can arise either to the English or the Americans, the French, Spaniards, or Dutch, from the greatest victories, or successes, in the present war? 
830 0 |a Making of the modern world (Goldsmiths'-Kress Library of Economic Literature) 
856 4 0 |u http://proxy.library.tamu.edu/login?url=http://galenet.galegroup.com/servlet/MOME?af=RN&ae=U101918693&srchtp=a&ste=14&locID=txshracd2898  |z Connect to the full text of this electronic book  |t 0 
999 |a MARS 
999 f f |s 6cf4c012-b1aa-3036-b6d3-aeb19391fd1c  |i 9f2c9b09-5741-3849-8d0a-f6ccbeecfbb9  |t 0 
952 f f |a Texas A&M University  |b College Station  |c Electronic Resources  |d Available Online  |t 0  |e E211 .T842  |h Library of Congress classification 
998 f f |a E211 .T842  |t 0  |l Available Online